[Event "22nd Open"]
[Site "Bethune FRA"]
[Date "2001.12.26"]
[Round "1"]
[White "Degraeve,JM"]
[Black "Renard,S"]
[Result "1-0"]
[WhiteElo "2588"]
[BlackElo "2023"]

1.e4 c5 2.Nf3 Nc6 3.Bb5 g6 4.O-O Bg7 5.Re1 e5 6.Bxc6 bxc6 7.b4 cxb4 8.a3 Ne7
9.axb4 O-O 10.Bb2 d6 11.d4 Bg4 12.dxe5 Bxf3 13.Qxf3 dxe5 14.Ra5 Qb6 15.Qa3 f5
16.Bc1 fxe4 17.Be3 Qb7 18.Nc3 Nd5 19.Nxd5 cxd5 20.Qb3 Kh8 21.Rxd5 Qf7 22.Red1 Bh6
23.Bc5 e3 24.Bxe3 Bxe3 25.Qxe3 Rae8 26.Rxe5  1-0

[Event "22nd Open"]
[Site "Bethune FRA"]
[Date "2001.12.27"]
[Round "4"]
[White "Boudre,JP"]
[Black "Couderc,C"]
[Result "1-0"]
[WhiteElo "2384"]
[BlackElo "2036"]

1.e4 c5 2.Nf3 Nc6 3.Bb5 g6 4.O-O Bg7 5.c3 e5 6.d3 Nge7 7.Be3 d6 8.d4 cxd4
9.cxd4 O-O 10.d5 Nb8 11.Nfd2 f5 12.f3 f4 13.Bf2 g5 14.Nc3 h5 15.Rc1 Nd7 16.Bxd7 Bxd7
17.Qb3 b6 18.Nb5 Rf6 19.Nc7 Ng6 20.Nxa8 g4 21.Nc7 g3 22.Ne6 Qe7 23.Rc7 Nf8
24.Rxa7 Rg6 25.h3 Qh4 26.Nxf8 gxf2+ 27.Rxf2  1-0

[Event "SO-ON"]
[Site "Groningen NED"]
[Date "2001.12.28"]
[Round "6"]
[White "Van der Weide,K"]
[Black "Middelburg,T"]
[Result "1-0"]
[WhiteElo "2457"]
[BlackElo "2364"]

1.e4 c5 2.Nf3 Nc6 3.Bb5 e6 4.O-O Nge7 5.Re1 a6 6.Bf1 d5 7.exd5 Nxd5 8.d4 Be7
9.c4 Nf6 10.dxc5 Qxd1 11.Rxd1 Nd7 12.Nc3 Nxc5 13.Be3 O-O 14.Rab1 a5 15.b3 Rd8
16.Rxd8+ Nxd8 17.a3 Na6 18.Na4 f6 19.c5 e5 20.Nb6 Bf5 21.Rc1 Rb8 22.Bxa6 bxa6
23.c6 Ne6 24.c7 Nxc7 25.Rxc7 Bd8 26.Rc6 Be4 27.Rc8  1-0

[Event "North American Open"]
[Site "Las Vegas USA"]
[Date "2001.12.29"]
[Round "5"]
[White "Shevelev,D"]
[Black "Sevillano,E"]
[Result "0-1"]
[WhiteElo "2294"]
[BlackElo "2462"]

1.e4 c5 2.Nf3 Nc6 3.Bb5 g6 4.Bxc6 dxc6 5.h3 Bg7 6.d3 Nf6 7.Nc3 Qc7 8.Be3 b6
9.Qd2 e5 10.Bh6 Bxh6 11.Qxh6 Be6 12.Ng5 O-O-O 13.O-O Nh5 14.a3 Qe7 15.b4 Nf4
16.Nxe6 Nxe6 17.b5 cxb5 18.Nxb5 Nf4 19.a4 a6 20.Nc3 Rd6 21.Nd5 Nxd5 22.exd5 Rxd5
23.Qe3 Rhd8 24.Rfb1 Kc7 25.a5 b5 26.Qh6 Rd4 27.Qxh7 Qf6 28.Qh6 Rf4 29.g3 Rh8
30.Qxh8 Qxh8 31.gxf4 exf4 32.Kg2 Qh5 33.Re1 Qd5+ 34.Kh2 Qf3 35.Rf1 g5 36.Rae1 f5
37.Re5 g4 38.hxg4 fxg4 39.Kg1 Qh3 40.Rfe1 f3 41.Re7+ Kd6 42.R1e6+ Kd5 43.c4+ Kd4  0-1

[Event "Australian Open"]
[Site "Canberra AUS"]
[Date "2001.12.31"]
[Round "4"]
[White "Sarwat,W"]
[Black "Tian,K"]
[Result "1/2-1/2"]
[WhiteElo "2392"]
[BlackElo "2107"]

1.e4 c5 2.Nf3 Nc6 3.Bb5 g6 4.O-O Bg7 5.Re1 e5 6.Bxc6 dxc6 7.d3 Qe7 8.Nbd2 f6
9.Nb3 Be6 10.Be3 b6 11.Qe2 Nh6 12.c3 Nf7 13.d4 cxd4 14.cxd4 O-O 15.Qc2 Rac8
16.Nfd2 Rfd8 17.f4 Nd6 18.fxe5 fxe5 19.Nf3 Nf7 20.Rf1 Bg4 21.Rad1 exd4 22.Bxd4 Ne5
23.Nxe5 Bxe5 24.Qc4+ Be6 25.Qc3  1/2-1/2

[Event "5th New Year ELO"]
[Site "Lohmar GER"]
[Date "2002.01.03"]
[Round "7"]
[White "Stanetzek,C"]
[Black "Claassen,J"]
[Result "1/2-1/2"]
[WhiteElo "2213"]
[BlackElo "2140"]

1.e4 c5 2.Nf3 Nc6 3.Bb5 d6 4.d4 cxd4 5.Qxd4 Bd7 6.Bxc6 Bxc6 7.O-O e5 8.Qd3 Nf6
9.Re1 a6 10.c4 Be7 11.Nc3 O-O 12.b4 Ng4  1/2-1/2

[Event "6th Open"]
[Site "Bad Zwesten GER"]
[Date "2002.01.05"]
[Round "3"]
[White "Glek,I"]
[Black "Heinzel,O"]
[Result "1-0"]
[WhiteElo "2601"]
[BlackElo "2378"]

1.e4 c5 2.Nf3 Nc6 3.Bb5 Qb6 4.Nc3 e6 5.Bxc6 Qxc6 6.d4 b5 7.d5 Qb7 8.O-O b4
9.Na4 d6 10.c4 e5 11.Re1 Bg4 12.h3 Bxf3 13.Qxf3 g6 14.a3 b3 15.Nc3 Qd7 16.Nb1 Rb8
17.Nd2 Bh6 18.Nxb3 Qa4 19.Nd2 Bxd2 20.Bxd2 Rb3 21.Qg4 Qd7 22.Qd1 Rxb2 23.Rb1 Qb7
24.Rxb2 Qxb2 25.Re3 Kf8 26.Rb3 Qd4 27.Qc2 Qa1+ 28.Kh2 Kg7 29.Bc3  1-0

[Event "6th Open"]
[Site "Bad Zwesten GER"]
[Date "2002.01.08"]
[Round "7"]
[White "Glek,I"]
[Black "Bischoff,K"]
[Result "0-1"]
[WhiteElo "2601"]
[BlackElo "2558"]

1.e4 c5 2.Nf3 Nc6 3.Bb5 e6 4.O-O Nge7 5.Re1 a6 6.Bxc6 Nxc6 7.d4 cxd4 8.Nxd4 Qc7
9.Nxc6 Qxc6 10.Nc3 b5 11.a4 b4 12.Nd5 Bb7 13.Bd2 a5 14.c3 b3 15.Qxb3 Bd6
16.Bf4 Bxf4 17.Nxf4 O-O 18.Rad1 Qc7 19.Nh5 f6 20.Rd4 Bc6 21.Qd1 g6 22.Ng3 Rfb8
23.Re2 Rb7 24.h4 Rab8 25.Qc1 Qe5 26.Rc4 Rb3 27.Kh2 R8b7 28.Rd4 Qb8 29.e5 fxe5
30.Rg4 d5 31.h5 Be8 32.Qg5 e4 33.Qf6 Rf7 34.Qxe6 Bd7 35.Qxd5 Bxg4 36.hxg6 hxg6
37.Rxe4 Bf5 38.Re7 Qf8 39.Nxf5 gxf5 40.Re6 Qb8+ 41.g3 Rb6 42.Re5 Rd6 43.Qxa5 Rh7+  0-1

[Event "ch-AUS"]
[Site "Melbourne AUS"]
[Date "2002.01.08"]
[Round "10"]
[White "Tan,Ju"]
[Black "Feldman,V"]
[Result "1/2-1/2"]
[WhiteElo "2244"]
[BlackElo "2346"]

1.e4 c5 2.Nf3 Nc6 3.Bb5 g6 4.O-O Bg7 5.c3 Nf6 6.Re1 O-O 7.d4 cxd4 8.cxd4 d5
9.e5 Ne4 10.Nbd2 Nxd2 11.Bxd2 Qb6 12.Bxc6 bxc6 13.Qc2 Bg4 14.Be3 Rab8 15.b3 Rfc8
16.Rac1 Bxf3 17.gxf3 e6 18.Kg2 Qb4 19.Qc5 Qxc5 20.Rxc5 Bf8 21.Rc2 Rb6 22.Rb1 f6
23.f4 Kf7 24.Kf3 Be7 25.Ke2 f5 26.f3 Ke8 27.Bf2 Kd7 28.h4 h5 29.Rg1 Rg8 30.Kd3 Ke8
31.Be1 Kf7 32.b4 Rc8 33.Rcg2 Rg8 34.a3 Ra6 35.Ra2 Rb8 36.Rgg2 Ra4 37.Rgc2 Ra6  1/2-1/2

[Event "TCh-AUT 2001-2"]
[Site "Graz AUT"]
[Date "2002.01.18"]
[Round "6"]
[White "Kuba,G"]
[Black "Gaertner,G"]
[Result "1-0"]
[WhiteElo "2313"]
[BlackElo "2371"]

1.e4 c5 2.Nf3 Nc6 3.Bb5 e6 4.O-O Nge7 5.Re1 a6 6.Bf1 d5 7.exd5 Nxd5 8.d4 cxd4
9.Nxd4 Ndb4 10.Nxc6 Qxd1 11.Rxd1 Nxc6 12.c4 Bc5 13.Nc3 O-O 14.Na4 Ba7 15.Be3 Bxe3
16.fxe3 e5 17.Nb6 Rb8 18.Nd7 Bxd7 19.Rxd7 Rfd8 20.Rad1 Kf8 21.Kf2 Ke8 22.Rxd8+ Rxd8
23.Rxd8+ Kxd8 24.Bd3 g6 25.g4 h6 26.h4 Ke7 27.c5 a5 28.a3 Kd7 29.Kf3 Ne7
30.g5 hxg5 31.hxg5 Ke6 32.Ke4 f5+ 33.gxf6 Kxf6 34.b4 axb4 35.axb4 g5 36.Be2 b6
37.cxb6 Ke6 38.Bg4+ Kd6 39.b5 Ng8 40.Bc8 Ne7 41.b7 Kc7 42.Kxe5 g4 43.Bxg4 Kxb7
44.Kd6 Ng8 45.Kc5 Nf6 46.Bf3+ Kb8 47.Bc6 Ng4 48.e4 Ne5 49.Kd5 Ng6 50.Kd6 Nh4
51.b6 Kc8 52.b7+ Kb8 53.e5 Nf5+ 54.Kd7  1-0

[Event "28th ch-YUG Youth Women"]
[Site "Obrenovac YUG"]
[Date "2002.01.18"]
[Round "9"]
[White "Savic,Ma"]
[Black "Djuric,Ve"]
[Result "0-1"]
[WhiteElo "2169"]
[BlackElo "2094"]

1.e4 c5 2.Nf3 Nc6 3.Bb5 e6 4.Bxc6 bxc6 5.b3 Ne7 6.e5 Ng6 7.Ba3 f6 8.d4 cxd4
9.Bxf8 Rxf8 10.Qxd4 fxe5 11.Qd2 Kf7 12.Nc3 d5 13.O-O-O Kg8 14.h4 Qf6 15.h5 Ne7
16.Rdf1 Ba6 17.Ne2 e4 18.Nfd4 Bxe2  0-1

[Event "Corus Tens"]
[Site "Wijk aan Zee NED"]
[Date "2002.01.18"]
[Round "1"]
[White "Klinova,M"]
[Black "Iordachescu,V"]
[Result "1/2-1/2"]
[WhiteElo "2432"]
[BlackElo "2558"]

1.e4 c5 2.Nf3 Nc6 3.Bb5 e6 4.Bxc6 bxc6 5.Nc3 Ne7 6.d3 Ng6 7.h4 h5 8.e5 f6
9.Qe2 Qc7 10.exf6 gxf6 11.Bd2 d5 12.O-O-O Bd7 13.Kb1 O-O-O 14.d4 e5 15.dxe5 fxe5
16.Bg5 Re8 17.Bf6 Rh6 18.Rhe1 e4 19.Qa6+ Kb8 20.Nd2 Ne5 21.Bg5 Rhe6 22.f3 exf3
23.Nxf3 Nc4 24.Rxe6 Rxe6 25.Nd2 Qb6 26.Bf4+ Ka8 27.Qxb6 Nxb6 28.Rf1 Be7 29.g3 c4
30.Nf3 c5 31.Re1 Rxe1+ 32.Nxe1 Bc6 33.Kc1 d4 34.Ne2 Nd5 35.Be5 Ne3 36.Nf4 Ng4
37.Bg7 Be8 38.c3 Nf6 39.Nf3 Ne4 40.cxd4 cxd4 41.Bxd4 Nxg3 42.Kc2 Nf5 43.Bf2 Bc6
44.Ng5 Be8 45.Nd5 Bd8 46.Ne6 Bf7 47.Ndc7+ Bxc7 48.Nxc7+ Kb7 49.Nb5 a6  1/2-1/2

[Event "TCh-AUT 2001-2"]
[Site "Graz AUT"]
[Date "2002.01.19"]
[Round "7"]
[White "Kuba,G"]
[Black "Weissenbeck,M"]
[Result "1-0"]
[WhiteElo "2313"]
[BlackElo "2211"]

1.e4 c5 2.Nf3 Nc6 3.Bb5 e6 4.O-O Nge7 5.Re1 a6 6.Bf1 d5 7.exd5 Nxd5 8.d4 cxd4
9.Nxd4 Ndb4 10.Nxc6 Qxd1 11.Rxd1 Nxc6 12.c4 Be7 13.Nc3 Bf6 14.Na4 Rb8 15.Nb6 O-O
16.Rb1 Bd4 17.Rxd4 Nxd4 18.Bf4 Nc6 19.Bxb8 Nxb8 20.Rd1 e5 21.g3 Bg4 22.Rd6 Nc6
23.c5 Bf3 24.Nc4 f6 25.Nd2 Bg4 26.Bc4+ Kh8 27.Bd5 Rd8 28.Nc4 h5 29.Bxc6 Rxd6
30.cxd6  1-0

[Event "Cup"]
[Site "Kali HUN"]
[Date "2002.01.20"]
[Round "4"]
[White "Gadacsi,M"]
[Black "Fodre,S"]
[Result "0-1"]
[WhiteElo "2099"]
[BlackElo "2207"]

1.e4 c5 2.Nf3 Nc6 3.Bb5 g6 4.O-O Bg7 5.c3 Nf6 6.Re1 O-O 7.d4 cxd4 8.cxd4 d5
9.e5 Ne8 10.Nc3 Bg4 11.Be2 Nc7 12.h3 Bxf3 13.Bxf3 e6 14.Bf4 Rc8 15.Qd2 a6
16.Ne2 Na8 17.h4 Nb6 18.b3 Nd7 19.Bg5 Qa5 20.h5 Rfe8 21.Qxa5 Nxa5 22.Rac1 Nc6
23.Rc2 Ncxe5 24.Rec1 Rxc2 25.Rxc2 Nc6 26.h6 Bf8 27.Bf4 f6 28.Be3 g5 29.Bh5 Rc8  0-1

[Event "28th ch-YUG Youth Women"]
[Site "Obrenovac YUG"]
[Date "2002.01.20"]
[Round "11"]
[White "Savic,Ma"]
[Black "Stojanovic,Mari"]
[Result "0-1"]
[WhiteElo "2169"]
[BlackElo "2012"]

1.e4 c5 2.Nf3 Nc6 3.Bb5 d6 4.Bxc6+ bxc6 5.O-O e5 6.c3 Bg4 7.d3 g6 8.Nbd2 Bg7
9.h3 Bxf3 10.Nxf3 Ne7 11.d4 cxd4 12.cxd4 exd4 13.Nxd4 O-O 14.Bg5 Qd7 15.Qd2 Qb7
16.Rac1 Rfe8 17.b3 c5 18.Nf3 f6 19.Bf4 Rad8 20.Rfe1 g5 21.Bh2 Nc8 22.Qc2 Bf8
23.Rcd1 Nb6 24.Bg3 Re6 25.e5 fxe5 26.Nxg5 Rg6 27.Ne4 Rc8 28.Nc3 c4 29.b4 a6
30.Kh2 Bg7  0-1

[Event "Kaissa Open"]
[Site "Kharkov UKR"]
[Date "2002.01.23"]
[Round "2"]
[White "Kalinina,V"]
[Black "Gasanov,E"]
[Result "0-1"]
[WhiteElo "2299"]
[BlackElo "2454"]

1.e4 c5 2.Nf3 Nc6 3.Bb5 d6 4.d4 cxd4 5.Qxd4 Bd7 6.Bxc6 Bxc6 7.Nc3 Nf6 8.Bg5 h6
9.Bh4 g5 10.Bg3 Bg7 11.O-O-O Qa5 12.Qd3 Nd7 13.Nd4 Ne5 14.Qe2 O-O-O 15.Nb3 Qc7
16.f3 Kb8 17.Bf2 Rc8 18.Bd4 b6 19.h4 e6 20.Be3 Bd7 21.hxg5 hxg5 22.Rxh8 Bxh8
23.Bxg5 Nc4 24.Bf4 Ka8 25.Qd3 Nxb2 26.Kxb2 Bb5 27.Qe3 Bxc3+ 28.Kb1 Bb4 29.Qf2 e5
30.Bc1 Bc4 31.Bb2 Be6 32.a3 Bc5 33.Nxc5 bxc5 34.Qd2 Rd8 35.Ka1 a6 36.Bc3  0-1

[Event "Unilog-Integrata IM"]
[Site "Griesheim GER"]
[Date "2002.01.25"]
[Round "3"]
[White "Grabarczyk,B"]
[Black "Koehler,R"]
[Result "1-0"]
[WhiteElo "2396"]
[BlackElo "2275"]

1.e4 c5 2.Nf3 Nc6 3.Bb5 g6 4.Bxc6 dxc6 5.d3 Bg7 6.h3 e5 7.Nc3 Qe7 8.Be3 Nf6
9.Qd2 Nd7 10.Bh6 f6 11.Bxg7 Qxg7 12.Nh2 Nf8 13.f4 exf4 14.Qxf4 Ne6 15.Qf2 Bd7
16.O-O O-O 17.Rae1 Rae8 18.Nd1 f5 19.e5 b6 20.Nf3 Bc8 21.Qh4 Kh8 22.Ne3 Qe7
23.Qa4 Qc7 24.c3 Rd8 25.Rd1 a5 26.Qc4 Rfe8 27.Rfe1 Qa7 28.Qh4 Qe7 29.Qxe7 Rxe7
30.Nc4 Ba6 31.Nd6 Nf4 32.d4 Be2 33.dxc5 Bxd1 34.Rxd1 Rb8 35.cxb6 Nd5 36.b7 Kg7
37.Nd4 Ne3 38.Rd3 Nc4 39.Nxc6 Nxe5 40.Nxb8 Nxd3 41.Nd7 Re1+ 42.Kh2  1-0

[Event "Unilog-Integrata GM"]
[Site "Griesheim GER"]
[Date "2002.01.25"]
[Round "3"]
[White "Galdunts,S"]
[Black "Jakubiec,A"]
[Result "1-0"]
[WhiteElo "2510"]
[BlackElo "2518"]

1.e4 c5 2.Nf3 Nc6 3.Bb5 g6 4.Bxc6 dxc6 5.d3 Bg7 6.h3 Nf6 7.Nc3 Nd7 8.O-O e5
9.Be3 Qe7 10.Qd2 h6 11.Nh2 Nf8 12.f4 exf4 13.Bxf4 Ne6 14.Be3 Nd4 15.Nd1 b6
16.c3 Ne6 17.Nf3 Ba6 18.Nf2 Rd8 19.Qc2 O-O 20.Rad1 f5 21.exf5 Rxf5 22.Qa4 Bb5
23.Qe4 Qd6 24.Nh4 Nf4 25.Rd2 Rf7 26.c4 Ba6 27.Ng4 h5 28.Rxf4 Re7 29.Qxg6 Qxg6
30.Nxg6 Re6 31.Nh4 Bc8 32.Nf5 hxg4 33.Rxg4 Rf6 34.Ne7+ Kf7 35.Nxc8 Rxc8 36.Re4 Rf5
37.g4 Re5 38.Rxe5 Bxe5 39.d4 cxd4 40.Bxd4 Bg3 41.Kg2 Bh4 42.Bf2 Bf6 43.Rd7+ Ke6
44.Rxa7 Rd8 45.Rc7  1-0

[Event "Corus Tens"]
[Site "Wijk aan Zee NED"]
[Date "2002.01.26"]
[Round "8"]
[White "Stellwagen,D"]
[Black "Arakhamia,K"]
[Result "0-1"]
[WhiteElo "2377"]
[BlackElo "2410"]

1.e4 c5 2.Nf3 Nc6 3.Bb5 e6 4.Bxc6 bxc6 5.d3 Ne7 6.Ng5 h6 7.Nh3 d5 8.e5 Ng6
9.f4 c4 10.O-O cxd3 11.cxd3 h5 12.Be3 Nh4 13.Bf2 Nf5 14.Nc3 Be7 15.Na4 d4
16.Qc2 O-O 17.Rac1 Qd5 18.b3 Ba6 19.Qe2 c5 20.Kh1 Rac8 21.Ng1 f6 22.exf6 Rxf6
23.Nf3 Bd6 24.Ne5 Bb7 25.Rg1 Nh6 26.Qd2 Bxe5 27.fxe5 Rg6 28.Be1 Ng4 29.Bg3 Ne3
30.Nc3 dxc3 31.Qxe3 h4 32.Bxh4 Rxg2 33.Qe4 Qd7 34.Rxg2 Bxe4 35.dxe4 Qd3 36.Be1 Rf8
37.Bf2 c2 38.Bg1 Rf1 39.Rxf1 Qxf1 40.Rxc2 Qf3+ 41.Rg2 Qxe4 42.Bxc5 a5 43.h3 Qxe5
44.Bf2 Qf4 45.Bg3 Qe3 46.Kh2 e5 47.Bf2 Qf3 48.Be1 Qd5 49.Bc3 Qc5 50.Rg3 Kf7
51.Kg2 g6 52.Kf1 e4 53.Ke2 Qb5+ 54.Kd2 Qf1 55.Re3 Qb1 56.Bd4 Qxa2+ 57.Kc3 Qb1
58.Kc4 Ke6 59.Bc5 Kf5 60.Bd4 Qd1 61.Kd5 a4 62.bxa4 Qxa4 63.Bc5 Qa2+ 64.Kd6 Qd2+
65.Kc6 Kf4 66.Ra3 g5 67.Bd6+ Kf5 68.Bc5 Ke5 69.Rg3  0-1

[Event "Corus"]
[Site "Wijk aan Zee NED"]
[Date "2002.01.26"]
[Round "12"]
[White "Timman,J"]
[Black "Kasimdzhanov,R"]
[Result "1/2-1/2"]
[WhiteElo "2605"]
[BlackElo "2695"]

1.e4 c5 2.Nf3 Nc6 3.Bb5 g6 4.O-O Bg7 5.Re1 e5 6.Bxc6 dxc6 7.a3 Qe7 8.b4 cxb4
9.axb4 Nf6 10.Bb2 Bg4 11.h3 Bxf3 12.Qxf3 O-O 13.Qb3 Rfc8 14.d3 Nd7 15.Nd2 a6
16.Ra2 Re8 17.Rf1 Rad8 18.Nc4 Qe6 19.Ra5 Bf8 20.Bc3 b5 21.Nd2 c5 22.Qb2 Rc8
23.Rfa1 Rc6 24.Nf3 f6 25.Bd2 Rec8 26.c3 Rd6 27.Qb1 Kg7 28.Be3 cxb4 29.cxb4 Nb8
30.Bc5 Rd7 31.d4 Bxc5 32.dxc5 Rcd8 33.Qc2 Rd3 34.R5a3 Qd7 35.Qb2 Qe6 36.Qc2 Qd7
37.Qb2 Qe6  1/2-1/2

[Event "Kaissa Open"]
[Site "Kharkov UKR"]
[Date "2002.01.27"]
[Round "6"]
[White "Zavgorodniy,S"]
[Black "Biriukov,N"]
[Result "1/2-1/2"]
[WhiteElo "2407"]
[BlackElo "2267"]

1.e4 c5 2.Nf3 Nc6 3.Bb5 d6 4.d4 cxd4 5.Qxd4 Bd7 6.Bxc6 bxc6 7.c4 e5 8.Qd3 h6
9.O-O Nf6 10.Nc3 Be7 11.c5 Bg4 12.cxd6 Qxd6 13.Qxd6 Bxd6 14.Be3 Ke7 15.Nd2 Be6
16.Na4 Rhd8 17.f3 Bb4 18.Rfd1 Rd3 19.Bc5+ Bxc5+ 20.Nxc5 Rd4 21.Ndb3 Rxd1+
22.Rxd1 Bxb3 23.Nxb3 Rb8 24.Kf1 Nd7 25.Rc1 Rb6 26.Rc2 Ra6 27.a3 Nf8 28.Nc5 Rb6
29.Ke2 Ne6 30.Nxe6 Kxe6 31.Kd3 Kd6 32.Kc4 Rb8 33.g4 Kc7 34.Rd2 Rb6 35.h4 Rb8
36.Kc3 Rb5 37.Kc4 Rb8 38.b3 Re8 39.b4 Re6 40.h5 Rf6 41.Rd3 a6 42.Kc5 Re6
43.a4 Rf6 44.Ra3 Kb7 45.b5 cxb5 46.axb5 axb5 47.Kxb5 Rd6 48.Kc5 Rd1 49.Kc4 Rd4+
50.Kb5 Rd1 51.Kc4 Rd4+ 52.Kc3 Rd7 53.Ra5 f6 54.Rd5 Kc7 55.Ra5 Kd8 56.Rd5 Ke7
57.Kc4 Rxd5 58.Kxd5 Kd7 59.Kc5 Kc7 60.Kd5  1/2-1/2

[Event "Corus B"]
[Site "Wijk aan Zee NED"]
[Date "2002.01.27"]
[Round "11"]
[White "Cuijpers,F"]
[Black "Nijboer,F"]
[Result "1/2-1/2"]
[WhiteElo "2458"]
[BlackElo "2574"]

1.e4 c5 2.Nf3 Nc6 3.Bb5 e6 4.O-O Nge7 5.Nc3 Nd4 6.Nxd4 cxd4 7.Ne2 a6 8.Ba4 b5
9.Bb3 Nc6 10.d3 Bc5 11.f4 Na5 12.Bd2 Nxb3 13.axb3 d5 14.e5 O-O 15.b4 Bb6
16.Ng3 f5 17.Be1 Bd7 18.Bf2 g5 19.Ne2 gxf4 20.Bxd4 Be8 21.Bxb6 Qxb6+ 22.d4 Bh5
23.c3 a5 24.bxa5 Rxa5 25.Rxa5 Qxa5 26.Qd2 Bxe2 27.Qxe2 b4 28.Qd2 bxc3 29.bxc3 Kf7
30.Rxf4 Rc8 31.Rf3 Qa1+ 32.Kf2 Rg8 33.h3 h5 34.Rg3 Ra8  1/2-1/2

[Event "Kaissa Open"]
[Site "Kharkov UKR"]
[Date "2002.01.30"]
[Round "9"]
[White "Solodovnichenko,Y"]
[Black "Zavgorodniy,S"]
[Result "1-0"]
[WhiteElo "2446"]
[BlackElo "2407"]

1.e4 c5 2.Nf3 Nc6 3.Bb5 g6 4.Bxc6 bxc6 5.O-O Bg7 6.Re1 f6 7.d4 cxd4 8.Nxd4 Nh6
9.c4 c5 10.Bxh6 Bxh6 11.Nf5 Bf4 12.Qd5 Ba6 13.Ne3 Qb8 14.Nc3 Bb7 15.Qxc5 Bxh2+
16.Kf1 Bd6 17.Qd4 Be5 18.Qd3 Bc6 19.b3 Kf7 20.Rad1 h5 21.Nb5 h4 22.Ke2 Qb7
23.Nd5 e6 24.Ndc3 a6 25.Nd6+ Bxd6 26.Qxd6 h3 27.gxh3 Rxh3 28.Rh1 Rah8 29.Rxh3 Rxh3
30.Rd3 Rh4 31.f3 Qb6 32.Re3 Qa5 33.Kd3 Rh1 34.Kc2 Qg5 35.Qd2 Qg1 36.Re2 a5
37.Rg2 Qf1 38.Rf2 Qh3 39.Ne2 Qh4 40.Nd4 Ke7 41.Rg2 Qh5 42.Nxc6+ dxc6 43.Qf4 e5
44.Qe3 Ra1 45.Kb2 Qh1 46.Qd2 a4 47.Rh2 Qb1+ 48.Kc3 Qc1+ 49.Kb4 Qxd2+ 50.Rxd2 axb3
51.axb3 Ra6 52.Kc5 f5 53.b4  1-0

[Event "Unilog-Integrata IM"]
[Site "Griesheim GER"]
[Date "2002.01.31"]
[Round "9"]
[White "Schramm,C"]
[Black "Krivoshey,S"]
[Result "1-0"]
[WhiteElo "2355"]
[BlackElo "2455"]

1.e4 c5 2.Nf3 Nc6 3.Bb5 g6 4.Bxc6 bxc6 5.d3 Bg7 6.O-O Nh6 7.h3 d6 8.Nc3 O-O
9.e5 f6 10.exf6 exf6 11.d4 cxd4 12.Nxd4 Bd7 13.Re1 Re8 14.Bxh6 Rxe1+ 15.Qxe1 Bxh6
16.Qe2 Rc8 17.Rd1 d5 18.Nb3 Bf8 19.Na4 Qe8 20.Qa6 c5 21.Nc3 Rc6 22.Qxa7 d4
23.Nd5 Bc8 24.Qa4 Bd7 25.Qxc6 Bxc6 26.Nxf6+ Kf7 27.Nxe8 Bxe8 28.Nd2 Bb5 29.b3 Ke6
30.a4 Ba6 31.Re1+ Kd5 32.Re8 Bh6 33.Nc4 Bxc4 34.Rd8+ Kc6 35.bxc4 Bd2 36.Rb8 Bb4
37.Kf1 Kc7 38.Rb5 Kc6 39.Ke2  1-0

[Event "TCh-ISR"]
[Site "ISR"]
[Date "2002.02.02"]
[Round "4"]
[White "Pasman,M"]
[Black "Zilberman,Y"]
[Result "1-0"]
[WhiteElo "2310"]
[BlackElo "2466"]

1.e4 c5 2.Nf3 Nc6 3.Bb5 g6 4.O-O Bg7 5.Re1 Nf6 6.e5 Nd5 7.Bxc6 dxc6 8.d4 cxd4
9.Qxd4 Bf5 10.Na3 Qc7 11.c3 a5 12.Qh4 h6 13.Nc4 O-O-O 14.Nd4 Bd3 15.Qh3+ Bf5
16.Nxf5 gxf5 17.Qxf5+ Kb8 18.Qxf7 Rhg8 19.a4 Qc8 20.Qh5 Rdf8 21.e6 Qc7 22.Ne5 Bxe5
23.Qxe5 Rg6 24.Bd2 Rff6 25.c4 Nb4 26.Bc3 Rxe6 27.Qh8+ Ka7 28.Be5 Qb6 29.c5  1-0

[Event "Mimoza Open"]
[Site "Herceg Novi YUG"]
[Date "2002.02.05"]
[Round "2"]
[White "Miljanic,B"]
[Black "Bejtovic,J"]
[Result "1-0"]
[WhiteElo "2431"]
[BlackElo "2314"]

1.e4 c5 2.Nf3 Nc6 3.Bb5 g6 4.Bxc6 dxc6 5.d3 Bg7 6.h3 Nf6 7.Nc3 O-O 8.O-O h6
9.Be3 b6 10.Qd2 Kh7 11.Nh2 e5 12.f4 exf4 13.Rxf4 Nh5 14.Rf3 f5 15.exf5 gxf5
16.Raf1 Be6 17.g4 fxg4 18.Rxf8 Bxf8 19.hxg4 Nf6 20.g5 Nd5 21.g6+ Kxg6 22.Qg2+ Kh5
23.Qf3+ Kg6 24.Qe4+  1-0

[Event "Aeroflot Open"]
[Site "Moscow RUS"]
[Date "2002.02.05"]
[Round "1"]
[White "Sandipan,C"]
[Black "Sveshnikov,E"]
[Result "1-0"]
[WhiteElo "2452"]
[BlackElo "2565"]

1.e4 c5 2.Nf3 Nc6 3.Bb5 e6 4.O-O Nge7 5.Re1 Nd4 6.Nxd4 cxd4 7.c3 a6 8.Ba4 Nc6
9.d3 Bc5 10.Qh5 Ba7 11.Bg5 Qa5 12.Bxc6 bxc6 13.Nd2 h6 14.e5 d5 15.Nb3 Qb5
16.cxd4 a5 17.Qh4 a4 18.Nc5 Bxc5 19.dxc5 Ra7 20.Rad1 Qxb2 21.Rb1 Qc3 22.h3 Qxd3
23.Rb8 O-O 24.Bxh6 Qh7 25.Bg5 Qxh4 26.Bxh4 Ba6 27.Rb4 Bc4 28.a3 Rfa8 29.f3 Ra5
30.Bf2 Rb5 31.Reb1 Bb3 32.Rxb5 cxb5 33.Bd4 Kf8 34.h4 g6 35.Kf2 Kg7 36.Ke3 Rb8
37.Bc3 d4+ 38.Bxd4 Bd5 39.g4 Bc6 40.Rb2 Rh8 41.Rh2 Rb8 42.Bc3 Rd8 43.Rd2 Rxd2
44.Bxd2 Kf8 45.f4 Bd5 46.Bc3 Bc6 47.Kf2 Be4 48.Kg3 Kg7 49.h5 Kh6 50.Kh4 gxh5
51.gxh5 Bf3 52.Bd2 Be4 53.f5+ Kg7 54.fxe6 fxe6 55.Kg5 Kf7 56.h6 Bd5 57.Bc3 Be4
58.Bb2 Bd5 59.h7 Kg7 60.h8=Q+ Kxh8 61.Kf6 Kg8 62.Ke7 Kg7 63.Kd7 Kg6 64.c6 Kf5
65.c7 Bb7 66.c8=Q Bxc8+ 67.Kxc8 Ke4 68.Kd7 Kd5 69.Ke7 b4 70.axb4 a3 71.Ba1  1-0

[Event "Aeroflot Open"]
[Site "Moscow RUS"]
[Date "2002.02.05"]
[Round "1"]
[White "Zaitsev,I"]
[Black "Iskusnyh,S"]
[Result "1/2-1/2"]
[WhiteElo "2444"]
[BlackElo "2514"]

1.e4 c5 2.Nf3 Nc6 3.Bb5 g6 4.O-O Bg7 5.c3 Nf6 6.e5 Nd5 7.d4 cxd4 8.cxd4 O-O
9.Nc3 Nxc3 10.bxc3 d6 11.exd6 exd6 12.Re1 Qa5 13.Qa4 Qxa4 14.Bxa4 Bg4 15.Bf4 Bxf3
16.gxf3 Rfd8 17.Bxc6 bxc6 18.Re7 c5 19.Be3 cxd4  1/2-1/2

[Event "Aeroflot Open"]
[Site "Moscow RUS"]
[Date "2002.02.05"]
[Round "2"]
[White "Karjakin,Sergey"]
[Black "Balashov,Y"]
[Result "1/2-1/2"]
[WhiteElo "2460"]
[BlackElo "2545"]

1.e4 c5 2.Nf3 Nc6 3.Bb5 g6 4.O-O Bg7 5.c3 Nf6 6.Re1 O-O 7.h3 e5 8.d4 cxd4
9.cxd4 Nxd4 10.Nxd4 exd4 11.e5 Ne8 12.Qxd4 d6 13.Nc3 Bf5 14.Qb4 a5 15.Qa4 Bxe5
16.Bh6 Bg7 17.Bxg7 Nxg7 18.Rad1 Be6 19.Qf4 d5 20.Qe5 Qb8 21.Qg5 Qd8 22.Qe5 Qb8
23.Qg5  1/2-1/2

[Event "Aeroflot Open"]
[Site "Moscow RUS"]
[Date "2002.02.05"]
[Round "2"]
[White "Kogan,A"]
[Black "Shushpanov,R"]
[Result "0-1"]
[WhiteElo "2568"]
[BlackElo "2460"]

1.e4 c5 2.Nf3 Nc6 3.Bb5 g6 4.O-O Bg7 5.Re1 Nf6 6.d4 cxd4 7.e5 Nd5 8.Bxc6 dxc6
9.Qxd4 Bf5 10.Na3 h6 11.Bd2 Qc8 12.c4 Nc7 13.Qh4 Ne6 14.Rad1 g5 15.Qg3 Qc7
16.Bc3 Rd8 17.h4 g4 18.Nd4 Nxd4 19.Bxd4 O-O 20.Qf4 e6 21.c5 b5 22.cxb6 axb6
23.Nc4 c5 24.Be3 Rxd1 25.Rxd1 Rd8 26.Nd6 Bg6 27.Rd2 h5 28.Qg3 Ra8 29.a3 Qc6
30.Bg5 c4 31.Qc3 b5 32.Bf6 Bh6 33.Rd1 Qc5 34.Nb7 Qc6 35.Nd6 Qc5 36.Nb7 Qc6
37.Nd8 Qc5 38.Rd4 Rb8 39.Rd6 Bf8 40.Qd2 g3 41.Nc6 gxf2+ 42.Qxf2 Bxd6 43.exd6 Qxc6
44.Qd2 Qc5+ 45.Kh1 Qf5 46.Be7 Qd3 47.Qh6 b4 48.axb4 Ra8 49.Kh2 Qd4 50.Qg5 Kh7  0-1

[Event "Aeroflot Open"]
[Site "Moscow RUS"]
[Date "2002.02.06"]
[Round "3"]
[White "Balashov,Y"]
[Black "Bocharov,D"]
[Result "0-1"]
[WhiteElo "2545"]
[BlackElo "2452"]

1.e4 c5 2.Nf3 Nc6 3.Bb5 e6 4.Bxc6 bxc6 5.b3 f6 6.O-O Nh6 7.d4 Nf7 8.c4 cxd4
9.Qxd4 c5 10.Qd3 Be7 11.Nc3 O-O 12.Rd1 d6 13.Bf4 Bb7 14.a3 a5 15.Qe2 Bc6
16.a4 Qb6 17.Nb5 Bb7 18.Re1 Nd8 19.Rad1 e5 20.Be3 Ne6 21.Nd2 Nd4 22.Qd3 Rf7
23.f3 g6 24.Nb1 f5 25.N1c3 Bh4 26.Rf1 f4 27.Bc1 Raf8 28.Nd5 Qd8 29.Nxd4 exd4
30.Rd2 Bxd5 31.exd5 Bf6 32.Re2 Be5 33.Bd2 g5 34.h3 Rg7 35.Re4 h5 36.Kf2 g4
37.hxg4 hxg4 38.Ke1 gxf3 39.gxf3 Qb6 40.Kd1 Rb8 41.Kc2 Rg2 42.Re2 Rxe2  0-1

[Event "Aeroflot Open"]
[Site "Moscow RUS"]
[Date "2002.02.06"]
[Round "3"]
[White "Kim,A"]
[Black "Shariyazdanov,A"]
[Result "1-0"]
[WhiteElo "2414"]
[BlackElo "2532"]

1.e4 c5 2.Nf3 Nc6 3.Bb5 e6 4.Bxc6 bxc6 5.b3 Ne7 6.h4 h5 7.e5 f6 8.Bb2 fxe5
9.Nxe5 d6 10.Nf3 e5 11.Qe2 Bg4 12.Nc3 Qd7 13.O-O-O Nf5 14.Rde1 Be7 15.Qe4 O-O-O
16.Na4 Rhe8 17.Ng5 Bf6 18.g3 Nd4 19.Bxd4 cxd4 20.f3 Bf5 21.Qe2 Bxg5 22.hxg5 Bg6
23.Qc4 c5 24.Rhf1 Kb8 25.Rf2 Rc8 26.Qa6 Rc6 27.Qb5+ Ka8 28.d3 Qc7 29.Nb2 Rb8
30.Qa4 Qb7 31.Qa3 Ra6 32.Na4 Be8 33.f4 Bxa4 34.bxa4 Qc6 35.a5 Rb5 36.Kd2 Raxa5
37.Qc1 exf4 38.Rxf4 Qg2+ 39.Re2 Qxg3 40.Qh1+ Kb8 41.Rf8+ Kc7 42.Re7+  1-0

[Event "Aeroflot Open"]
[Site "Moscow RUS"]
[Date "2002.02.07"]
[Round "5"]
[White "Turov,M"]
[Black "Bocharov,D"]
[Result "1-0"]
[WhiteElo "2563"]
[BlackElo "2452"]

1.e4 c5 2.Nf3 Nc6 3.Bb5 e6 4.b3 Nge7 5.Bb2 Ng6 6.h4 Qb6 7.h5 Qxb5 8.hxg6 fxg6
9.Ng5 h6 10.Na3 Qa5 11.Qf3 Nd8 12.Nc4 Qc7 13.e5 Rg8 14.Ne4 Nf7 15.Qg4 g5
16.Qh5 g6 17.Qf3 Rg7 18.Ned6+ Nxd6 19.Nxd6+  1-0